Chapter Environmental training of the Italian Coast Guard between tradition and innovation (Record no. 21588)

MARC details
000 -LEADER
fixed length control field 00757nam a2200121Ia 4500
008 - FIXED-LENGTH DATA ELEMENTS--GENERAL INFORMATION
fixed length control field 220620s9999||||xx |||||||||||||| ||und||
100 ## - MAIN ENTRY--PERSONAL NAME
Personal name Altavilla, Santo||Caligiore, Aurelio||Ceccarelli, Jenny||Corrente, Giuseppina||Galeano, Federica||Pappacena, Gennaro||Pisconti, Maura||Petrillo, Agostino||Puri, Pio||Rottino, Fabio||Scatigna, Giovanni||Simione, Francesco||Sinesi, Tiziana||Spaccavento, Giovanni||Ubaldi, Claudio
245 #0 - TITLE STATEMENT
Title Chapter Environmental training of the Italian Coast Guard between tradition and innovation
546 ## - LANGUAGE NOTE
Language note English[eng]
650 ## - SUBJECT ADDED ENTRY--TOPICAL TERM
Topical term or geographic name entry element Coast Guard||Marine Environmental Department||Learning by Doing||Safeguarding the marine environment
856 ## - ELECTRONIC LOCATION AND ACCESS
Uniform Resource Identifier <a href="https://library.oapen.org/bitstream/20.500.12657/56082/1/14779.pdf">https://library.oapen.org/bitstream/20.500.12657/56082/1/14779.pdf</a>
942 ## - ADDED ENTRY ELEMENTS (KOHA)
Koha item type E-Books
Holdings
Withdrawn status Lost status Damaged status Not for loan Home library Current library Date acquired Total Checkouts Date last seen Price effective from Koha item type
        Kerala University of Digital Sciences, Innovation and Technology Knowledge Centre Kerala University of Digital Sciences, Innovation and Technology Knowledge Centre 20/06/2022   20/06/2022 20/06/2022 E-Books